| 000 | 02185nam a2200265Ia 4500 | ||
|---|---|---|---|
| 003 | OSt | ||
| 005 | 20200909174119.0 | ||
| 008 | 191128s2011 sp gr 000 0 spa d | ||
| 020 | _a9788483195901 | ||
| 040 |
_aCO-JMCR _cCO-JMCR |
||
| 041 | 0 | _aspa | |
| 082 | 0 | 4 |
_a364.133 / _bE711p _223 |
| 100 | 1 |
_aEscario, José Luis, _eautor _910067 |
|
| 245 | 1 | 0 |
_aParaísos fiscales : _blos agujeros negros de la economía globalizada / _cJosé Luis Escario ; prólogo de Manuel de la Rocha Vásquez. |
| 260 |
_aMadrid : _bCatarata, _c2011 |
||
| 300 |
_a122 páginas ; _c21 cm. |
||
| 490 | 0 |
_aLos libros de la catarata ; _v3 |
|
| 500 | _aIncluye datos biográficos del autor en solapa frontal. | ||
| 504 | _aBibliografía: páginas 121-122 | ||
| 505 | 0 | _aParaísos fiscales y crisis económica -- La lucha contra las practicas fiscales nocivas en la agenda internacional y el fortalecimiento de los sistemas fiscales -- La transparencia en la presentación de las cuentas de las multinacionales y los bancos como | |
| 520 | 3 | _aLa reciente crisis económica ha puesto en evidencia los efectos perniciosos de los paraísos fiscales y de las prácticas asociadas a ellos, como la evasión y la elusión fiscal. Actualmente ha quedado bien claro que ya no se trata de un problema colateral que los gobiernos más o menos han tolerado históricamente. Tras el derrumbe de Lehman Brothers y el colapso económico-financiero, muchas voces advierten que el problema ya ha alcanzado una dimensión tal que amenaza a la economía en general, al sostenimiento del Estado del bienestar y a la lucha contra la pobreza en el mundo. Conscientes de ello, en los cinco G20 que se celebraron tras la crisis de 2008, los líderes políticos incluyeron en la agenda la lucha contra las jurisdicciones ?no-cooperativas?. Existe sin embargo un riesgo de que tras la crisis se olvide el papel determinante de los paraísos fiscales, así como la parte de responsabilidad que corresponde a ciertas multinacionales y bancos, principales usuarios de estos agujeros negros del sistema financiero. | |
| 650 | 1 | 4 |
_aParaísos fiscales _910068 |
| 650 | 1 | 4 |
_aLucha contra prácticas fiscales _910069 |
| 942 |
_2ddc _cBK |
||
| 999 |
_c5950 _d5950 |
||